Mniejszości narodowe i etniczne na Słowacji - Statystyki

Ogólne statystyki
  • Ten quiz został rozwiązany 64 razy
  • Średni wynik to 8 z 11
Statystyki odpowiedzi
Odpowiedź Liczebnosc Odsetek ludnosci w ogolem % Poprawnych
Polacy 3 tys 0,06%
100%
Czesi 30 tys 0,56%
98%
Ukraińcy 7,4 tys 0,14%
98%
Niemcy 4,6 tys 0,09%
95%
Węgrzy 458 tys 8,49%
89%
Romowie 105 tys 1,96%
78%
Rosjanie 1,9 tys 0,04%
78%
Chorwaci 1 tys 0,02%
50%
Bułgarzy 1 tys 0,02%
41%
Rusini 33 tys 0,62%
33%
Morawianie 3,2 tys 0,06%
13%
Nie znaleziono quizów pasujących do podanych kryteriów
Rozkład punktacji
Procent ludzi z każdym wynikiem
Percentyl według liczby udzielonych odpowiedzi
Twoja historia wyników
Nie rozwiązałeś tego quizu